Statistics for business and economics / (Record no. 18994)

MARC details
000 -LEADER
fixed length control field 01551nam a2200433 i 4500
001 - CONTROL NUMBER
control field 016527425
003 - CONTROL NUMBER IDENTIFIER
control field EG-ScBUE
005 - DATE AND TIME OF LATEST TRANSACTION
control field 20241210102400.0
006 - FIXED-LENGTH DATA ELEMENTS--ADDITIONAL MATERIAL CHARACTERISTICS--GENERAL INFORMATION
fixed length control field m||||f ||z 00| 0
008 - FIXED-LENGTH DATA ELEMENTS--GENERAL INFORMATION
fixed length control field 131017t2014 enka f 001 0 eng d
020 ## - INTERNATIONAL STANDARD BOOK NUMBER
International Standard Book Number 9781292023298 (pbk.)
020 ## - INTERNATIONAL STANDARD BOOK NUMBER
Cancelled/invalid ISBN 9781292011240 (Internet access card)
040 ## - CATALOGING SOURCE
Original cataloging agency StDuBDS
Language of cataloging eng
Description conventions rda
Transcribing agency StDuBDS
Modifying agency Uk
-- EG-ScBUE
082 04 - DEWEY DECIMAL CLASSIFICATION NUMBER
Classification number 519.5024658
Edition number 22
Item number MCC
100 1# - MAIN ENTRY--PERSONAL NAME
Personal name McClave, James T.,
Relator term author.
9 (RLIN) 37445
245 10 - TITLE STATEMENT
Title Statistics for business and economics /
Statement of responsibility, etc James T. McClave, P. George Benson, Terry Sincich.
250 ## - EDITION STATEMENT
Edition statement Twelfth edition.
250 ## - EDITION STATEMENT
Edition statement Pearson new international edition.
264 #1 - PUBLICATION, DISTRIBUTION, ETC. (IMPRINT)
Place of publication, distribution, etc Harlow, United Kingdom :
Name of publisher, distributor, etc Pearson Education Limited,
Date of publication, distribution, etc [2014]
264 #4 - PUBLICATION, DISTRIBUTION, ETC. (IMPRINT)
Date of publication, distribution, etc c2014
300 ## - PHYSICAL DESCRIPTION
Extent ii, 1010 pages :
Other physical details color illustrations ;
Dimensions 28 cm +
Accompanying material 1 CD
336 ## - CONTENT TYPE
Source rdacontent
Content type term text
Content type code txt
336 ## - CONTENT TYPE
Source rdacontent
Content type term sounds
Content type code snd
337 ## - MEDIA TYPE
Media type term unmediated
Source rdamedia
Media type code n
337 ## - MEDIA TYPE
Media type term audio
Source rdamedia
Media type code s
338 ## - CARRIER TYPE
Carrier type term volume
Carrier type code nc
Source rdacarrier
338 ## - CARRIER TYPE
Carrier type term computer disc
Carrier type code cd
Source rdacarrier
490 0# - SERIES STATEMENT
Series statement Pearson custom library
490 0# - SERIES STATEMENT
Series statement Always learning
500 ## - GENERAL NOTE
General note Previous edition : Upper Saddle River, N.J. : Pearson Education, 2011.
500 ## - GENERAL NOTE
General note Includes index.<br/>
650 #7 - SUBJECT ADDED ENTRY--TOPICAL TERM
Topical term or geographic name as entry element Commercial statistics.
Source of heading or term BUEsh
9 (RLIN) 802
650 #7 - SUBJECT ADDED ENTRY--TOPICAL TERM
Topical term or geographic name as entry element Economics
General subdivision Statistical methods.
Source of heading or term BUEsh
9 (RLIN) 3258
653 ## - INDEX TERM--UNCONTROLLED
Resource For college BAEPS, Business Administration
Arrived date list February2015
655 ## - INDEX TERM--GENRE/FORM
Form subdivision Reading book
9 (RLIN) 34232
700 1# - ADDED ENTRY--PERSONAL NAME
Personal name Benson, P. George,
Dates associated with a name 1946-
Relator term author.
9 (RLIN) 37446
700 1# - ADDED ENTRY--PERSONAL NAME
Personal name Sincich, Terry,
Relator term BUEsh
9 (RLIN) 37447
942 ## - ADDED ENTRY ELEMENTS (KOHA)
Source of classification or shelving scheme Dewey Decimal Classification
Koha item type Book - Borrowing
Holdings
Withdrawn status Lost status Source of classification or shelving scheme Damaged status Not for loan Collection code Home library Current library Shelving location Date acquired Source of acquisition Cost, normal purchase price Serial Enumeration / chronology Total Checkouts Full call number Barcode Date last seen Date checked out Cost, replacement price Price effective from Koha item type
    Dewey Decimal Classification     Baccah Central Library Central Library First floor 17/02/2015 Purchase 250.00 21291 1 519.5024658 MCC 000037434 15/07/2025 13/03/2019 313.00 17/02/2015 Book - Borrowing
    Dewey Decimal Classification     Baccah Central Library Central Library First floor 17/02/2015 Purchase 250.00 21291   519.5024658 MCC 000037435 24/08/2022   313.00   CD | DVD - With book